00454 a2200133 4500020001500000040001300015082001200028100002100040245009700061260004100158300003500199500005000234650003600284 a 812970708 aDLCbDLC a005.133 a Kalinovsky,Alex aCovert Java: techniques for decompiling, patching, and reverse engineeringcAlex, Kalinovsky aIndianapolis, Ind. :b Sams,cc2004. a x, 268 p. :b ill. ;c 24 cm. aIncludes bibliographical references and index aJava(Computer Program Language)